000 00714nam a2200229 4500
003 OSt
005 20260601193849.0
008 260507b1965 xxu||||| |||| 00| 0 eng d
040 _aICI
_bspa
_cICI
050 _aTA455.P5
_bA53
110 2 _aThe American Soc of Tools and Manufacturing Engineers
_931955
245 1 _aPlastics Tooling and Manufacturing Handbook
264 _aNGLEWOOD CLIFFS :
_bPrentice Hall
_c1965
300 _a243 páginas
336 _atexto
_2rdacontent
337 _asin medio
_2rdamedia
338 _avolumen
_2rdacarrier
650 0 _aHerramientas de plástico
_931956
700 _aHarvey, Philip D.,
_eeditor
_931957
700 _aWilson, Ftank W
_eeditor
_931958
942 _2lcc
_cB
_n1
999 _c21777
_d21777